The Doctors Book of Home Remedies : (Rekord nr 47572)
| 000 -ETYKIETA REKORDU | |
|---|---|
| podpole kontrolne o stałej długości | 00697nam a2200205 i 4500 |
| 001 - NUMER KONTROLNY REKORDU | |
| pole kontrolne | bgj |
| 020 ## - MIĘDZYNARODOWY ZNORMALIZOWANY NUMER KSIĄŻKI - ISBN | |
| ISBN | 0878578730 |
| 040 ## - ŹRÓDŁO KATALOGOWANIA | |
| Instytucja, która utworzyła rekord | BPK |
| 041 0# - KOD JĘZYKA | |
| Kod języka tekstu | eng |
| 920 ## - Międzynarodowy znormalizowany numer książki – ISBN | |
| ISBN | 0-87857-873-0 |
| 008 - POLE O STAŁEJ DŁUGOŚCI - DANE KONTROLNE | |
| podpole kontrolne o stałej długości | s uk f |000 0 eng |
| 245 00 - TYTUŁ/ODPOWIEDZIALNOŚĆ | |
| Tytuł | The Doctors Book of Home Remedies : |
| Ciąg dalszy tytułu | thousands of tips and techniques anyone can use to heal everyday health problems / |
| Pozostałe elementy strefy tytułu i oznaczenia odpowiedzialności | by the editors of Prevention Magazine Health Books ; edited by Debora Tkac. |
| 260 ## - STREFA ADRESU WYDAWNICZEGO | |
| Miejsce wydania | Emmaus, Pa : |
| Nazwa wydawcy/dystrybutora | Rodale Press, |
| Data publikacji, dystrybucji/powstania dokumentu | c. 1990. |
| 300 ## - STREFA OPISU FIZYCZNEGO | |
| Objętość | XI, 676 pp ; |
| Rozmiary | 24 cm. |
| 505 ## - SFORMALIZOWANA UWAGA DOTYCZĄCA ZAWARTOŚCI | |
| Pełny tekst uwagi | Includes index. |
| 650 #9 - HASŁO PRZEDMIOTOWE W FORMIE NAZWY OGÓLNEJ LUB JEDNOSTKOWEJ | |
| Nazwa ogólna lub geograficzna | Medicine |
| Określnik ogólny | Popular |
| 700 1# - HASŁO DODATKOWE - NAZWA OSOBOWA | |
| Nazwa osobowa | TKAC, Debora. |
| Określenie związku między hasłem a opisywanym materiałem | editor |
| 710 p0 - HASŁO DODATKOWE - NAZWA CIAŁA ZBIOROWEGO | |
| Nazwa ciała zbiorowego lub jednostki geograficznej | PREVENTION MAGAZINE HEALTH BOOKS |
| 856 ## - LOKALIZACJA I DOSTĘP DO ELEKTRONICZNYCH DOKUMENTÓW ZDALNYCH | |
| Link (URL) | http://koha.tu.koszalin.pl/cgi-bin/koha/opac-detail.pl?biblionumber=47572 |
| Tekst linku | Katalog online BPK |
| 942 ## - DODATKOWE ELEMENTY (KOHA) | |
| Typ dokumentu | Książka |
| Wycofany | Status egzemplarza | Uszkodzony | Dostępność | Lokalizacja stała | Lokalizacja bieżąca | Miejsce przechowywania | Sygnatura | Kod kreskowy | Typ dokumentu |
|---|---|---|---|---|---|---|---|---|---|
| Dostępny | Biblioteka Politechniki Koszalińskiej | Biblioteka Politechniki Koszalińskiej | Wypożyczalnia Językowa | KA 3942 | 09039735 | Książka | |||
| Dostępny | Biblioteka Politechniki Koszalińskiej | Biblioteka Politechniki Koszalińskiej | Wypożyczalnia Językowa | KA 3943 | 09039728 | Książka |
